| 000 | 00811cam0 2200265 ib4500 | ||
|---|---|---|---|
| 001 | BY-MI0000-br540056 | ||
| 010 |
^a978-0-7475-9105-4 ^bв переплете |
||
| 100 | ^a20110401d2007 a y0rusy50 ca | ||
| 101 | 0 | ^aeng | |
| 102 | ^aRU | ||
| 105 | ^aa z 000ay | ||
| 109 | ^ama | ||
| 200 | 1 |
^aHarry Potter and the Deathly Hallows ^fJ.K.Rowling |
|
| 210 |
^aLondon ^cBloomsbury ^d2007 |
||
| 215 |
^a607 с. ^d21 см |
||
| 675 |
^a823 ^v4 ^zrus |
||
| 686 |
^a84(4Вел) ^v2 ^2rubbk |
||
| 690 |
^a4 ^2Base ^9BY-MI0000 ^xRSEK |
||
| 700 | 1 |
^aRowling ^bJ. K. ^gRowling, Joanne Katheline ^3BY-SEK-ar13908213 |
|
| 801 | 0 |
^aBY ^bBY-MI0000 ^c20110401 ^gpsbo |
|
| 801 | 2 |
^aBY ^bBY-MI0000 ^c20190320 ^gpsbo |
|
| 035 | ^a(BY-MI0000)BY-MI0000-br540056 | ||
| 899 | 0 |
^aBY-MI0000 ^iROW ^h84(4Вел) |
|